UM Logo

Pennsylvania landlord-tenant law and practice : (Record no. 8265)

MARC details
000 -LEADER
fixed length control field 00621nam a2200157 4500
008 - FIXED-LENGTH DATA ELEMENTS--GENERAL INFORMATION
fixed length control field 180105b xxu||||| |||| 00| 0 eng d
082 ## - DEWEY DECIMAL CLASSIFICATION NUMBER
Edition number 1988
Classification number DC 346.0437
Item number F91
100 ## - MAIN ENTRY--PERSONAL NAME
9 (RLIN) 25575
Personal name Friedman, Ronald M., author.
245 ## - TITLE STATEMENT
Title Pennsylvania landlord-tenant law and practice :
Remainder of title law, practice, checklists, forms /
Statement of responsibility, etc. Ronald M Friedman.
260 ## - PUBLICATION, DISTRIBUTION, ETC. (IMPRINT)
Place of publication, distribution, etc. Philadelphia, Pa. :
Name of publisher, distributor, etc. G.T. Bisel Co.,
Date of publication, distribution, etc. ©1988.
300 ## - PHYSICAL DESCRIPTION
Extent with multiple pages ;
Dimensions 24 cm.
500 ## - GENERAL NOTE
General note Includes bibliographical references and index.
650 #0 - SUBJECT ADDED ENTRY--TOPICAL TERM
9 (RLIN) 25576
Topical term or geographic name as entry element Landlord and tenant
General subdivision Pennsylvania.
650 #0 - SUBJECT ADDED ENTRY--TOPICAL TERM
9 (RLIN) 25577
Topical term or geographic name as entry element Leases
General subdivision Pennsylvania.
942 ## - ADDED ENTRY ELEMENTS (KOHA)
Source of classification or shelving scheme Dewey Decimal Classification
Koha item type Circulation
Holdings
Withdrawn status Lost status Source of classification or shelving scheme Damaged status Not for loan Collection code Home library Current library Date acquired Source of acquisition Total Checkouts Full call number Barcode Date last seen Copy number Price effective from Koha item type
    Dewey Decimal Classification     Circulation UM Digos College - LIC UM Digos College - LIC 02/01/1995 Purchased   DC 346.0437 F91 1988 11783 05/15/2025 1 01/05/2018 Circulation